000 nam a22 7a 4500
999 _c7366
_d7366
008 170818b xxu||||| |||| 00| 0 eng d
100 _aMortier Shamms
_93901
245 _aPagemaker 6.5 Complete
260 _aNew Delhi
_bTechmedia
_c1997